Testing Ancient Indian Traditions On The Touchstone Of Archaeology/ (Record no. 185805)

MARC details
000 -LEADER
fixed length control field 00587nam a22001817a 4500
005 - DATE AND TIME OF LATEST TRANSACTION
control field 20220210111649.0
010 ## - LCCN (DPL NO)
LC control number ENG-131491
020 ## - INTERNATIONAL STANDARD BOOK NUMBER
International Standard Book Number 9788173055881
Terms of availability 450.00
035 ## - SYSTEM CONTROL NUMBER
System control number EN-115023
037 ## - SOURCE OF ACQUISITION
Source of stock number/acquisition DBAD
082 ## - DEWEY DECIMAL CLASSIFICATION NUMBER
Classification number 934
100 ## - MAIN ENTRY--PERSONAL NAME
Personal name Lal, B. B.
245 ## - TITLE STATEMENT
Title Testing Ancient Indian Traditions On The Touchstone Of Archaeology/
Statement of responsibility, etc B.B. Lal
260 ## - PUBLICATION, DISTRIBUTION, ETC. (IMPRINT)
Place of publication, distribution, etc New Delhi
Name of publisher, distributor, etc Aryan Books International
Date of publication, distribution, etc 2017
270 ## - ADDRESS
Address Pooja Apartments, 4B, Ansari Road
City New Delhi
Postal code 110002
Electronic mail address aryanbooks@gmail.com
300 ## - PHYSICAL DESCRIPTION
Extent xi, 98p.
Other physical details Index
Dimensions 22cm(hbk)
942 ## - ADDED ENTRY ELEMENTS (KOHA)
Source of classification or shelving scheme Dewey Decimal Classification
Item type English Books
Classification part 934
Call number suffix LAL
Holdings
Withdrawn status Lost status Not for loan Collection code Home library Current library Date acquired Source of acquisition Cost, normal purchase price Full call number Barcode Copy number Cost, replacement price Koha item type
      Non-fiction Bawana Bawana 10/02/2022 DBAD/PUB 450.00 934 LAL EN-115023 1 450.00 English Books

© Delhi Public Library
Hit Counter
free hit counter